[Event "DEM U12 2016"]
[Site "Willingen GER"]
[Date "2016.05.15"]
[Round "1"]
[White "Pauls, Fynn"]
[Black "Trifan, Andrei Ioan"]
[Result "0-1"]
[Termination "normal"]
[Board "1"]
[WhiteElo "1726"]
[BlackElo "2099"]
[WhiteClock "00:02:11"]
[BlackClock "00:13:16"]
[PlyCount "108"]
[WhiteFideId "16213149"]
[BlackFideId "12967068"]
[EventCountry "GER"]
[EventRounds "11"]
[EventType "swiss"]
[EventDate "2016.05.14"]

1. Nf3 Nf6 2. d4 d5 3. c4 e6 4. Nc3 c5 5. cxd5 Nxd5 6. g3 Nc6 7. Bg2 Be7 8. O-O
O-O 9. dxc5 Bxc5 10. Nxd5 exd5 11. Bg5 f6 12. Bd2 d4 13. Qb3+ Kh8 14. e3 d3 15.
Rac1 Qd6 16. Qb5 Bb6 17. Rfd1 Be6 18. b3 Rfd8 19. h3 Rac8 20. Nh4 Qe5 21. Bxc6
Rxc6 22. Qxe5 fxe5 23. Rxc6 bxc6 24. Nf3 e4 25. Ng5 Bd5 26. h4 a5 27. Rc1 Ra8
28. Rb1 Bc5 29. Kf1 Bb4 30. Ke1 c5 31. Nh3 a4 32. Bxb4 cxb4 33. Nf4 Bb7 34.
bxa4 Rxa4 35. a3 g5 36. Ne6 Bd5 37. Nc5 Rxa3 38. Rxb4 Ra1+ 39. Kd2 Ra2+ 40. Ke1
Re2+ 41. Kf1 Rc2 42. Na4 Rc1+ 43. Kg2 d2 44. Nb2 Bc4 45. hxg5 Bd3 46. Kh3 Rb1
47. Rb8+ Kg7 48. Rb7+ Kf8 49. Rb8+ Kf7 50. Rb7+ Ke6 51. Rb6+ Kd5 52. f3 Rxb2
53. fxe4+ Kxe4 54. Re6+ Kf3 0-1

[Event "DEM U12 2016"]
[Site "Willingen GER"]
[Date "2016.05.15"]
[Round "1"]
[White "Köllner, Ruben Gideon"]
[Black "Kotyk, Michael"]
[Result "1-0"]
[Termination "normal"]
[Board "2"]
[WhiteElo "2087"]
[BlackElo "1818"]
[WhiteClock "00:39:58"]
[BlackClock "00:31:40"]
[PlyCount "65"]
[WhiteFideId "12993093"]
[BlackFideId "16214501"]
[EventCountry "GER"]
[EventRounds "11"]
[EventType "swiss"]
[EventDate "2016.05.14"]

1. d4 Nf6 2. Nf3 e6 3. Nbd2 c5 4. e3 b6 5. c3 cxd4 6. exd4 Bb7 7. Bd3 Be7 8.
O-O O-O 9. Qe2 d6 10. Re1 Nbd7 11. Ne4 Nxe4 12. Bxe4 Bxe4 13. Qxe4 d5 14. Qd3
Nf6 15. Ne5 Bd6 16. Bg5 h6 17. Bxf6 Qxf6 18. Nd7 Qh4 19. g3 Qh3 20. Nxf8 Rxf8
21. Qf3 g5 22. Rac1 b5 23. a4 Rb8 24. axb5 Rxb5 25. b4 a5 26. bxa5 Rxa5 27. Ra1
Rb5 28. Reb1 Rxb1+ 29. Rxb1 Bf4 30. Rb7 h5 31. Ra7 h4 32. Qh5 Qf5 33. Ra8+ 1-0

[Event "DEM U12 2016"]
[Site "Willingen GER"]
[Date "2016.05.15"]
[Round "1"]
[White "Röhr, Oliver"]
[Black "Nguyen, Alex Dac-Vuong"]
[Result "0-1"]
[Termination "normal"]
[Board "3"]
[WhiteElo "1739"]
[BlackElo "1899"]
[WhiteClock "00:13:23"]
[BlackClock "00:11:54"]
[PlyCount "140"]
[WhiteFideId "12987697"]
[BlackFideId "12984388"]
[EventCountry "GER"]
[EventRounds "11"]
[EventType "swiss"]
[EventDate "2016.05.14"]

1. d4 Nf6 2. Nf3 g6 3. Nbd2 d5 4. e3 Bg7 5. Bd3 c5 6. c4 cxd4 7. Nxd4 e5 8.
N4b3 e4 9. Bc2 Bg4 10. f3 exf3 11. Nxf3 O-O 12. cxd5 Nxd5 13. O-O Na6 14. h3
Be6 15. Nbd4 Qb6 16. Re1 Rad8 17. Nxe6 Qxe6 18. Bb3 Nac7 19. Kh1 Qe7 20. Qe2
Nb4 21. e4 Nca6 22. Bc4 Qc7 23. a3 Rc8 24. axb4 Qxc4 25. Qxc4 Rxc4 26. b5 Nb4
27. Ra4 Rfc8 28. Bd2 Nd3 29. Rxc4 Rxc4 30. Ra1 Nf2+ 31. Kg1 Nxe4 32. b6 a6 33.
Rxa6 Nxd2 34. Ra8+ Bf8 35. Nxd2 Rb4 36. Rb8 Rxb6 37. Nc4 Rb4 38. Nd6 Kg7 39.
Rxb7 Bxd6 40. Rd7 Bc5+ 41. Kh2 Rxb2 42. Rd5 Bb6 43. Kg3 Rb3+ 44. Kf4 Bc7+ 45.
Ke4 Kf6 46. Rc5 Bd6 47. Rc6 Ke6 48. Ra6 f5+ 49. Kd4 Rg3 50. Ra2 h5 51. Re2+ Kf6
52. Kd5 Bf4 53. Re6+ Kg5 54. Re2 Rd3+ 55. Kc4 Rd2 56. Rxd2 Bxd2 57. Kd3 Bf4 58.
Ke2 Kh4 59. Kf3 Bg3 60. Ke2 g5 61. Kf1 g4 62. hxg4 hxg4 63. Kg1 f4 64. Kh1 f3
65. Kg1 Bb8 66. Kh1 fxg2+ 67. Kxg2 g3 68. Kg1 Kh3 69. Kh1 g2+ 70. Kg1 Ba7# 0-1

[Event "DEM U12 2016"]
[Site "Willingen GER"]
[Date "2016.05.15"]
[Round "1"]
[White "Krastev, Alexander"]
[Black "Hoffmann, Simon"]
[Result "1-0"]
[Termination "normal"]
[Board "4"]
[WhiteElo "1931"]
[BlackElo "1710"]
[WhiteClock "00:11:41"]
[BlackClock "00:05:47"]
[PlyCount "87"]
[WhiteFideId "12989983"]
[BlackFideId "12979686"]
[EventCountry "GER"]
[EventRounds "11"]
[EventType "swiss"]
[EventDate "2016.05.14"]

1. e4 e5 2. Nf3 Nc6 3. Bc4 Bc5 4. c3 Nf6 5. d3 O-O 6. Nbd2 d5 7. exd5 Nxd5 8.
Ne4 Bb6 9. O-O h6 10. Bxh6 Nxc3 11. bxc3 gxh6 12. Qd2 Kh7 13. Rfe1 Bg4 14. Qe2
f5 15. Ng3 Qd6 16. h3 Bxf3 17. Qxf3 e4 18. dxe4 Ne5 19. Qh5 Nxc4 20. Nxf5 Qg6
21. Qe2 Nd6 22. Nd4 Rg8 23. g4 Rae8 24. f3 Nf7 25. Rad1 Qf6 26. Kg2 Bxd4 27.
cxd4 Ng5 28. e5 Qf4 29. h4 Ne6 30. d5 Nc5 31. Qc2+ Kh8 32. Qxc5 Rxe5 33. Qc3
Rge8 34. Re4 Qf6 35. Rde1 Kg8 36. Rxe5 Rxe5 37. Rxe5 Qxh4 38. Qxc7 Qf6 39. Re8+
Qf8 40. Rxf8+ Kxf8 41. d6 h5 42. Qe7+ Kg8 43. d7 hxg4 44. d8=Q# 1-0

[Event "DEM U12 2016"]
[Site "Willingen GER"]
[Date "2016.05.15"]
[Round "1"]
[White "Popist, Florian"]
[Black "Li, Simon"]
[Result "0-1"]
[Termination "normal"]
[Board "5"]
[WhiteElo "1689"]
[BlackElo "1960"]
[WhiteClock "00:03:05"]
[BlackClock "00:35:35"]
[PlyCount "72"]
[WhiteFideId "16203518"]
[BlackFideId "12972134"]
[EventCountry "GER"]
[EventRounds "11"]
[EventType "swiss"]
[EventDate "2016.05.14"]

1. e4 c5 2. Nf3 Nc6 3. d4 cxd4 4. Nxd4 g6 5. Nc3 Bg7 6. Be3 Nf6 7. f3 O-O 8.
Qd2 d5 9. Nxc6 bxc6 10. O-O-O Be6 11. exd5 Bxd5 12. Nxd5 cxd5 13. Bd4 Qc7 14.
Re1 Rfc8 15. Ba6 Rd8 16. Qb4 Qf4+ 17. Kb1 Rab8 18. Qc3 Qd6 19. Qd3 Rb4 20. Bb5
Qb8 21. a4 a6 22. Be5 Qa7 23. c3 Rh4 24. g3 axb5 25. gxh4 Qxa4 26. Bd4 Ra8 27.
Bc5 e6 28. Ba3 Nd7 29. Re2 Nb6 30. Qc2 Qa6 31. Ree1 Nc4 32. Re2 b4 33. cxb4
Nxa3+ 34. bxa3 Qxa3 35. Qd1 Qxb4+ 36. Kc2 Rc8+ 0-1

[Event "DEM U12 2016"]
[Site "Willingen GER"]
[Date "2016.05.15"]
[Round "1"]
[White "Dobrikov, Marco"]
[Black "Lommel, Hagen"]
[Result "1-0"]
[Termination "normal"]
[Board "6"]
[WhiteElo "1943"]
[BlackElo "1619"]
[WhiteClock "00:16:18"]
[BlackClock "00:16:39"]
[PlyCount "71"]
[WhiteFideId "12950378"]
[BlackFideId "12972380"]
[EventCountry "GER"]
[EventRounds "11"]
[EventType "swiss"]
[EventDate "2016.05.14"]

1. e4 c5 2. Nf3 e6 3. d4 cxd4 4. Nxd4 Nc6 5. Nc3 a6 6. f4 Qc7 7. Nxc6 bxc6 8.
Bd3 d5 9. Qe2 Bb7 10. Bd2 Bc5 11. O-O-O Ne7 12. Rde1 f6 13. Na4 Ba7 14. exd5
exd5 15. Rhf1 c5 16. Bxa6 Bxa6 17. Qxa6 O-O 18. Qe6+ Rf7 19. Nc3 Qb6 20. Qxb6
Bxb6 21. Re6 Ba5 22. Rfe1 Bxc3 23. Bxc3 Nf5 24. a3 d4 25. Bd2 Rc7 26. g4 Nh4
27. f5 Nf3 28. Bf4 Rcc8 29. Rf1 Nh4 30. Rf2 Re8 31. Rxe8+ Rxe8 32. Bg3 g5 33.
fxg6 Nxg6 34. Rxf6 Ne5 35. Bxe5 Rxe5 36. Rf5 1-0

[Event "DEM U12 2016"]
[Site "Willingen GER"]
[Date "2016.05.15"]
[Round "1"]
[White "Tham, Minh"]
[Black "Bethke, Richard"]
[Result "0-1"]
[Termination "normal"]
[Board "7"]
[WhiteElo "1737"]
[BlackElo "1844"]
[WhiteClock "00:23:48"]
[BlackClock "01:01:40"]
[PlyCount "120"]
[WhiteFideId "12997323"]
[BlackFideId "12959243"]
[EventCountry "GER"]
[EventRounds "11"]
[EventType "swiss"]
[EventDate "2016.05.14"]

1. e4 e5 2. Nf3 Nc6 3. Bc4 Bc5 4. c3 Nf6 5. d3 d6 6. Nbd2 Bd7 7. Bb3 O-O 8. O-O
Bb6 9. h3 Ne7 10. Re1 Ng6 11. Nf1 Nh5 12. Ne3 Nhf4 13. Nd5 Nxd5 14. Bxd5 c6 15.
Bb3 h6 16. Be3 Qf6 17. Qd2 Bxh3 18. Bxb6 axb6 19. Qe3 Nf4 20. gxh3 Qg6+ 21. Ng5
Qxg5+ 22. Qg3 Qxg3+ 23. fxg3 Nxh3+ 24. Kg2 Ng5 25. Rf1 Ne6 26. Bxe6 fxe6 27.
Rxf8+ Kxf8 28. a3 Ke7 29. Rd1 Rf8 30. Rc1 d5 31. Re1 Kd6 32. Re2 b5 33. Re1 c5
34. Re2 g5 35. Re1 Rf6 36. Rh1 c4 37. dxc4 bxc4 38. Re1 g4 39. Rd1 Rf3 40. exd5
exd5 41. Rh1 Rf6 42. Rh4 Rg6 43. Kf2 b5 44. Ke3 Ke6 45. Rh2 Rf6 46. Ke2 Kf5 47.
Ke3 Kg5 48. Rd2 Rd6 49. Rd1 h5 50. Rh1 Rf6 51. Rd1 Rf3+ 52. Ke2 Rd3 53. Rg1 d4
54. cxd4 exd4 55. Rg2 h4 56. gxh4+ Kxh4 57. Rf2 Rb3 58. Kd1 g3 59. Rc2 Kh3 60.
Ke1 g2 0-1

[Event "DEM U12 2016"]
[Site "Willingen GER"]
[Date "2016.05.15"]
[Round "1"]
[White "Weihrauch, Jakob"]
[Black "Breß, Aaron"]
[Result "1/2-1/2"]
[Termination "normal"]
[Board "8"]
[WhiteElo "1856"]
[BlackElo "1650"]
[WhiteClock "00:47:24"]
[BlackClock "00:01:16"]
[PlyCount "118"]
[WhiteFideId "16210115"]
[BlackFideId "12996432"]
[EventCountry "GER"]
[EventRounds "11"]
[EventType "swiss"]
[EventDate "2016.05.14"]

1. e4 c6 2. d4 d5 3. e5 Bf5 4. Nc3 e6 5. g4 Bg6 6. Nge2 Nd7 7. h4 h6 8. Nf4 Bh7
9. Bg2 c5 10. Bxd5 exd5 11. e6 fxe6 12. Nxe6 Qe7 13. Qe2 Be4 14. Nb5 Bxh1 15.
Bf4 Kf7 16. Nd6+ Qxd6 17. Bxd6 Bxd6 18. g5 Re8 19. g6+ Kf6 20. O-O-O Rxe6 21.
Qb5 Re7 22. Rxh1 Kxg6 23. Qd3+ Kf7 24. dxc5 Bf4+ 25. Kb1 Ngf6 26. Rg1 Rhe8 27.
Qg6+ Kf8 28. b4 Re1+ 29. Rxe1 Rxe1+ 30. Kb2 Ne5 31. Qf5 Nc4+ 32. Kb3 Rb1+ 33.
Ka4 Nb2+ 34. Kb5 a6+ 35. Kb6 Nc4+ 36. Kxb7 Rxb4+ 37. Kxa6 Ra4+ 38. Kb7 Rb4+ 39.
Ka6 Ra4+ 40. Kb7 Na5+ 41. Kb6 Nc4+ 42. Kc6 Ke7 43. Kb5 Ra5+ 44. Kb4 Bd2+ 45. c3
Bc1 46. Qg6 Ba3+ 47. Kb3 Kf8 48. c6 Ra8 49. Qf5 Rb8+ 50. Kc2 Rb2+ 51. Kd1 Nd6
52. c7 Nxf5 53. c8=Q+ Kf7 54. Qxf5 Rxa2 55. Qf4 Be7 56. Kc1 Re2 57. Kd1 Re4 58.
Qg3 Rc4 59. Ke1 Ra4 1/2-1/2

[Event "DEM U12 2016"]
[Site "Willingen GER"]
[Date "2016.05.15"]
[Round "1"]
[White "Schille, Hannes"]
[Black "Yi, Danny"]
[Result "0-1"]
[Termination "normal"]
[Board "9"]
[WhiteElo "1629"]
[BlackElo "1863"]
[WhiteClock "00:14:36"]
[BlackClock "00:29:51"]
[PlyCount "100"]
[WhiteFideId "16206053"]
[BlackFideId "12988588"]
[EventCountry "GER"]
[EventRounds "11"]
[EventType "swiss"]
[EventDate "2016.05.14"]

1. d4 Nf6 2. c4 g6 3. Nc3 d5 4. cxd5 Nxd5 5. e4 Nxc3 6. bxc3 Bg7 7. Be3 c5 8.
Qd2 cxd4 9. cxd4 O-O 10. h3 b6 11. Bc4 Bb7 12. f3 Nc6 13. Ne2 Rc8 14. Rc1 Na5
15. Bb5 Rxc1+ 16. Nxc1 a6 17. Be2 Qc7 18. O-O Rc8 19. Nb3 Nxb3 20. axb3 Qc3 21.
Bc4 Qxd2 22. Bxd2 Bxd4+ 23. Kh1 b5 24. Bd3 Bf6 25. Bb1 Kf8 26. Rc1 Ke8 27.
Rxc8+ Bxc8 28. Be3 Be6 29. b4 Bc3 30. Bc5 Bc4 31. Kg1 a5 32. bxa5 Bxa5 33. Bd4
Kd7 34. Kf2 Kd6 35. f4 b4 36. g3 Kc6 37. Ke3 b3 38. Bd3 Kb5 39. Bb2 Be1 40. g4
Kb4 41. Ba3+ Kxa3 42. Bxc4 b2 43. Bd3 Ka2 44. f5 b1=Q 45. Bxb1+ Kxb1 46. Kf4
Bd2+ 47. Ke5 g5 48. f6 Bf4+ 49. Kd5 exf6 50. Kd4 Kc2 0-1

[Event "DEM U12 2016"]
[Site "Willingen GER"]
[Date "2016.05.15"]
[Round "1"]
[White "Post, Hugo"]
[Black "Parshykov, Edgar"]
[Result "1-0"]
[Termination "normal"]
[Board "10"]
[WhiteElo "1869"]
[BlackElo "1599"]
[PlyCount "49"]
[WhiteFideId "12962490"]
[BlackFideId "16222458"]
[EventCountry "GER"]
[EventRounds "11"]
[EventType "swiss"]
[EventDate "2016.05.14"]

1. e4 c6 2. d4 d5 3. exd5 cxd5 4. Bd3 e6 5. Nf3 Nf6 6. O-O Nc6 7. c3 Bd6 8. Re1
O-O 9. Ne5 Qc7 10. Qe2 h6 11. h3 Rb8 12. Nd2 a6 13. Nf1 Re8 14. Ng3 b5 15. Nh5
Nxh5 16. Qxh5 Nxe5 17. dxe5 Bf8 18. Re3 Kh8 19. Rg3 Bb7 20. Bxh6 Kg8 21. Bh7+
Kh8 22. Bg5 Bc5 23. Bg6+ Kg8 24. Qh7+ Kf8 25. Qh8# 1-0

[Event "DEM U12 2016"]
[Site "Willingen GER"]
[Date "2016.05.15"]
[Round "1"]
[White "Wensing, Jonathan"]
[Black "Wu, Leon"]
[Result "0-1"]
[Termination "normal"]
[Board "11"]
[WhiteElo "1578"]
[BlackElo "1743"]
[PlyCount "54"]
[WhiteFideId "16222482"]
[BlackFideId "12977438"]
[EventCountry "GER"]
[EventRounds "11"]
[EventType "swiss"]
[EventDate "2016.05.14"]

1. e4 c5 2. Nf3 Nc6 3. Bb5 Nf6 4. Nc3 d6 5. d4 cxd4 6. Nxd4 Bd7 7. O-O g6 8.
Kh1 Bg7 9. Be3 Ng4 10. Bg5 h6 11. Bh4 Qb6 12. Nb3 g5 13. Bg3 h5 14. h3 h4 15.
Bxd6 Nxf2+ 16. Rxf2 Qxf2 17. Bc5 Qg3 18. Qd2 g4 19. Rd1 Qc7 20. hxg4 Bxg4 21.
Rf1 h3 22. Kg1 Be5 23. g3 Rg8 24. Nd5 Bd4+ 25. Nxd4 Qxg3+ 26. Kh1 Bf3+ 27. Nxf3
Qg2+ 0-1

[Event "DEM U12 2016"]
[Site "Willingen GER"]
[Date "2016.05.15"]
[Round "1"]
[White "Musiolik, David"]
[Black "Hetzner, Hannes"]
[Result "1-0"]
[Termination "normal"]
[Board "12"]
[WhiteElo "1643"]
[BlackElo "1319"]
[PlyCount "59"]
[WhiteFideId "12972355"]
[BlackFideId "16211936"]
[EventCountry "GER"]
[EventRounds "11"]
[EventType "swiss"]
[EventDate "2016.05.14"]

1. e4 e6 2. d4 d5 3. e5 c5 4. c3 Nc6 5. Nf3 Qb6 6. a3 c4 7. g3 Bd7 8. Nbd2 Na5
9. h4 Nb3 10. Nxb3 Ba4 11. Nfd2 Ne7 12. Qf3 Bxb3 13. Nxb3 Qxb3 14. Be2 Nc6 15.
Bd1 Qb6 16. Bc2 Be7 17. Qg4 g6 18. Qf4 h5 19. Rb1 Bf8 20. O-O Bg7 21. Re1 Qc7
22. Qg5 Qe7 23. Qxe7+ Nxe7 24. b3 Rc8 25. bxc4 Rxc4 26. Rxb7 Rxc3 27. Ba4+ Kd8
28. Rd7+ Ke8 29. Rc7+ Nc6 30. Rxc6 1-0

[Event "DEM U12 2016"]
[Site "Willingen GER"]
[Date "2016.05.15"]
[Round "1"]
[White "Kirchner, Markus"]
[Black "Hinrichs, Paul"]
[Result "0-1"]
[Termination "normal"]
[Board "13"]
[WhiteElo "1642"]
[BlackElo "1795"]
[PlyCount "166"]
[WhiteFideId "12979163"]
[BlackFideId "12942545"]
[EventCountry "GER"]
[EventRounds "11"]
[EventType "swiss"]
[EventDate "2016.05.14"]

1. e4 e5 2. Nf3 Nc6 3. Bc4 Bc5 4. c3 Nf6 5. d4 exd4 6. e5 d5 7. Bb5 Ne4 8. cxd4
Bb4+ 9. Bd2 Nxd2 10. Nbxd2 O-O 11. O-O Ba5 12. Bxc6 bxc6 13. Nb3 Bb6 14. Rc1
Re8 15. a4 a5 16. Nc5 Rb8 17. Qd2 Qe7 18. Rfe1 Bd7 19. Nxd7 Qxd7 20. Rc2 f6 21.
Rec1 Re6 22. exf6 gxf6 23. h3 Rbe8 24. Qd3 Kh8 25. Nd2 Qd6 26. Nf1 Qb4 27. Rxc6
Qxd4 28. Qxd4 Bxd4 29. Rxe6 Rxe6 30. Rxc7 Bxb2 31. Rc8+ Kg7 32. Ne3 d4 33. Nf5+
Kg6 34. g4 Kg5 35. Rc4 Re4 36. f3 Re2 37. Nxd4 Bxd4+ 38. Rxd4 Kh4 39. g5+ Kxg5
40. Rg4+ Kf5 41. Rh4 Ra2 42. Rc4 Kg5 43. Rg4+ Kh5 44. Rf4 Kg6 45. Rg4+ Kf7 46.
Rh4 h5 47. Rc4 Kg6 48. Rd4 Kg5 49. Rc4 f5 50. h4+ Kf6 51. f4 Ke6 52. Rd4 Kf6
53. Rc4 Ke6 54. Rd4 Rc2 55. Kh1 Re2 56. Kg1 Rc2 57. Kh1 Rb2 58. Rc4 Rb4 59.
Rc6+ Kd5 60. Rh6 Rxa4 61. Rxh5 Rxf4 62. Rh8 a4 63. Kg2 Kc4 64. h5 a3 65. h6 Rh4
66. h7 a2 67. Rc8+ Kd3 68. Ra8 Rxh7 69. Rxa2 Ke3 70. Ra3+ Kf4 71. Ra4+ Kg5 72.
Kf3 Rh3+ 73. Kg2 Rb3 74. Rc4 f4 75. Rc8 Kf5 76. Rf8+ Ke4 77. Re8+ Kd3 78. Rd8+
Ke2 79. Ra8 f3+ 80. Kh2 Rb2 81. Kg3 f2 82. Re8+ Kf1 83. Ra8 Kg1 0-1

[Event "DEM U12 2016"]
[Site "Willingen GER"]
[Date "2016.05.15"]
[Round "1"]
[White "Sulayev, Daniel"]
[Black "Gallasch, Jonas"]
[Result "1-0"]
[Termination "normal"]
[Board "14"]
[WhiteElo "1791"]
[BlackElo "1564"]
[PlyCount "55"]
[WhiteFideId "12977675"]
[BlackFideId "16222474"]
[EventCountry "GER"]
[EventRounds "11"]
[EventType "swiss"]
[EventDate "2016.05.14"]

1. e4 c5 2. Nf3 Nc6 3. d4 cxd4 4. Nxd4 Nf6 5. Nc3 d6 6. Bg5 e6 7. Bb5 Bd7 8.
Bxc6 Bxc6 9. Qd2 Be7 10. Bxf6 Bxf6 11. O-O-O d5 12. exd5 Bxd5 13. Ndb5 Bxc3 14.
Qxc3 Qg5+ 15. Qd2 Qxd2+ 16. Rxd2 O-O 17. f3 Bc6 18. Nd6 Rad8 19. Re1 Bd5 20.
Nb5 a6 21. Nd4 Rfe8 22. b3 e5 23. Nf5 f6 24. Red1 e4 25. Rxd5 Rxd5 26. Rxd5 e3
27. Kd1 g6 28. Nd4 1-0

[Event "DEM U12 2016"]
[Site "Willingen GER"]
[Date "2016.05.15"]
[Round "1"]
[White "Kostanyan, Hakob"]
[Black "Englert, Jon"]
[Result "0-1"]
[Termination "normal"]
[Board "15"]
[WhiteElo "1604"]
[BlackElo "1663"]
[PlyCount "142"]
[WhiteFideId "12977683"]
[BlackFideId "12992275"]
[EventCountry "GER"]
[EventRounds "11"]
[EventType "swiss"]
[EventDate "2016.05.14"]

1. e4 g6 2. d4 Bg7 3. Nc3 d6 4. Be3 Nf6 5. Qd2 Ng4 6. Bd3 Nxe3 7. fxe3 Nd7 8.
Nf3 a6 9. O-O O-O 10. Qe2 b5 11. a4 b4 12. Nd1 a5 13. Nf2 c5 14. Bb5 Qb6 15.
Qd3 Ba6 16. c4 Rad8 17. Bxd7 Rxd7 18. b3 Rfd8 19. Rad1 Qc7 20. d5 e6 21. Ng4 h6
22. Rd2 exd5 23. exd5 f5 24. Nf2 Re7 25. Nh4 Kh7 26. g4 Bf6 27. Ng2 Bc8 28. e4
fxe4 29. Nxe4 Bd4+ 30. Kh1 Bxg4 31. Nh4 Rg7 32. Rg2 Qd7 33. Nf6+ Bxf6 34. Rxf6
Rdg8 35. Qg3 Qe7 36. Rf1 Bh5 37. Qf4 g5 38. Qf5+ Bg6 39. Nxg6 Rxg6 40. Rgf2 Qe3
41. Qc2 g4 42. Rf6 Qg5 43. Rxd6 Kh8 44. Qb2+ Kh7 45. Rd7+ R6g7 46. Qb1+ Qg6 47.
Qxg6+ Kxg6 48. Rd6+ Kh7 49. Rff6 Re8 50. Rxh6+ Kg8 51. Rde6 Rf8 52. Rhg6 Rf3
53. Rxg7+ Kxg7 54. d6 Rxb3 55. d7 Rd3 56. Re5 Rxd7 57. Rxc5 Rb7 58. Rg5+ Kf6
59. Rxg4 Kf5 60. Rg2 Ke4 61. Kg1 b3 62. Rb2 Kd4 63. c5 Kc3 64. c6 Rc7 65. Rb1
Kc2 66. Rf1 b2 67. Rf2+ Kb3 68. Rf1 Ka2 69. Kf2 b1=Q 70. Rxb1 Kxb1 71. h4 Rxc6
0-1

[Event "DEM U12 2016"]
[Site "Willingen GER"]
[Date "2016.05.15"]
[Round "1"]
[White "Do, Nam"]
[Black "Deutsch, Christoph"]
[Result "1/2-1/2"]
[Termination "normal"]
[Board "16"]
[WhiteElo "1890"]
[BlackElo "1663"]
[PlyCount "104"]
[WhiteFideId "12998885"]
[BlackFideId "16206878"]
[EventCountry "GER"]
[EventRounds "11"]
[EventType "swiss"]
[EventDate "2016.05.14"]

1. e4 e5 2. Nf3 Nc6 3. Bc4 Bc5 4. c3 Nf6 5. d4 exd4 6. cxd4 Bb4+ 7. Bd2 Bxd2+
8. Nbxd2 d5 9. exd5 Nxd5 10. Qb3 Na5 11. Qa4+ c6 12. Bxd5 Qxd5 13. O-O O-O 14.
Rac1 b6 15. Rfe1 Ba6 16. Re5 Qd6 17. b4 Bb5 18. Ne4 Qxe5 19. Nxe5 Bxa4 20. bxa5
f6 21. Nf3 Bb5 22. Nc3 Bc4 23. Nd2 Bd5 24. Nf1 Rfd8 25. Ne3 Kf7 26. f3 Rd7 27.
Kf2 Rb8 28. Rb1 Be6 29. Rb4 Rbb7 30. a6 Rbc7 31. Ra4 Rc8 32. Ke2 Rcd8 33. Kd3
g6 34. g4 c5 35. d5 Bxd5 36. Ncxd5 Rxd5+ 37. Nxd5 Rxd5+ 38. Kc3 h5 39. h3 hxg4
40. hxg4 Ke6 41. f4 g5 42. Re4+ Kd7 43. a4 f5 44. gxf5 Rxf5 45. fxg5 Rxg5 46.
Rh4 Rg7 47. Rh6 Rg3+ 48. Kc4 Rg4+ 49. Kb3 Rg3+ 50. Kc4 Ra3 51. Rh7+ Kc6 52.
Rh6+ Kc7 1/2-1/2

[Event "DEM U12 2016"]
[Site "Willingen GER"]
[Date "2016.05.15"]
[Round "1"]
[White "Krause, Marc"]
[Black "Lutz, Ruben"]
[Result "0-1"]
[Termination "normal"]
[Board "17"]
[WhiteElo "1535"]
[BlackElo "1693"]
[PlyCount "102"]
[WhiteFideId "12985724"]
[BlackFideId "12975974"]
[EventCountry "GER"]
[EventRounds "11"]
[EventType "swiss"]
[EventDate "2016.05.14"]

1. d4 d5 2. Nf3 Nf6 3. g3 e6 4. Bg2 Be7 5. O-O Nbd7 6. Nbd2 O-O 7. c4 c6 8. Qc2
b6 9. cxd5 cxd5 10. b3 Ba6 11. Re1 Rc8 12. Qd1 Qc7 13. Bb2 Qc2 14. Qc1 Bb4 15.
a3 Bxd2 16. Nxd2 Qg6 17. Bc3 Ne4 18. Nxe4 dxe4 19. Qb2 Nf6 20. Rac1 Nd5 21. e3
Bd3 22. Bd2 Qf6 23. Rxc8 Rxc8 24. Rc1 Qd8 25. Rxc8 Qxc8 26. Qc1 Qa6 27. Qc6 g6
28. a4 Kg7 29. b4 Ne7 30. Qd7 Qc4 31. Qxe7 Qc2 32. h4 Qxd2 33. Qd6 Qe1+ 34. Kh2
Qxf2 35. Qe5+ Qf6 36. Qxf6+ Kxf6 37. g4 e5 38. g5+ Ke6 39. dxe5 Kxe5 40. Kg3 a5
41. bxa5 bxa5 42. Bh3 Kd6 43. Kf4 Bc2 44. Bg2 Bxa4 45. Bxe4 Bb3 46. Bb1 a4 47.
e4 a3 48. e5+ Ke6 49. Ke4 a2 50. Bxa2 Bxa2 51. Kf4 Bb1 0-1

[Event "DEM U12 2016"]
[Site "Willingen GER"]
[Date "2016.05.15"]
[Round "1"]
[White "Evering, Sören"]
[Black "Kolb, Tobias"]
[Result "1-0"]
[Termination "normal"]
[Board "18"]
[WhiteElo "1844"]
[BlackElo "1535"]
[PlyCount "89"]
[WhiteFideId "12974650"]
[BlackFideId "12992321"]
[EventCountry "GER"]
[EventRounds "11"]
[EventType "swiss"]
[EventDate "2016.05.14"]

1. e4 Nc6 2. Nf3 Nf6 3. e5 Nd5 4. d4 d6 5. Bc4 e6 6. Bxd5 exd5 7. O-O Be7 8. h3
O-O 9. Re1 dxe5 10. dxe5 Bf5 11. c3 Bc5 12. Be3 Bxe3 13. Rxe3 Re8 14. Nd4 Qd7
15. Nxc6 Qxc6 16. Nd2 Qb6 17. Qb3 Qxb3 18. Nxb3 b6 19. Nd4 Bd7 20. Rae1 c5 21.
e6 cxd4 22. exd7 dxe3 23. dxe8=Q+ Rxe8 24. fxe3 g5 25. Kf2 f5 26. Rd1 Re5 27.
b3 Kf7 28. Rd4 Ke6 29. Ra4 a5 30. Rd4 Re4 31. Rxe4+ dxe4 32. g3 Kd5 33. a4 Kc5
34. g4 f4 35. exf4 gxf4 36. h4 b5 37. axb5 Kxb5 38. g5 Kc5 39. h5 Kd6 40. g6
hxg6 41. h6 g5 42. h7 g4 43. h8=Q e3+ 44. Kf1 f3 45. Qd4+ 1-0

[Event "DEM U12 2016"]
[Site "Willingen GER"]
[Date "2016.05.15"]
[Round "1"]
[White "Haufe, Laurin"]
[Black "Marzisch, Darius"]
[Result "1-0"]
[Termination "normal"]
[Board "20"]
[WhiteElo "1575"]
[BlackElo "1493"]
[PlyCount "59"]
[WhiteFideId "12976504"]
[BlackFideId "12997480"]
[EventCountry "GER"]
[EventRounds "11"]
[EventType "swiss"]
[EventDate "2016.05.14"]

1. e4 e5 2. Nf3 Nc6 3. d4 exd4 4. Nxd4 Bc5 5. Be3 Qf6 6. c3 d6 7. Be2 Nge7 8.
O-O O-O 9. Kh1 d5 10. Nxc6 Qxc6 11. exd5 Nxd5 12. Bd4 Be6 13. f4 Bf5 14. Bf3
Bxd4 15. Qxd4 Rad8 16. c4 Nb4 17. Qxd8 Rxd8 18. Bxc6 Nc2 19. Na3 Nxa1 20. Ba4
Rd2 21. Rxa1 Rxb2 22. Re1 g6 23. Bb3 Rf2 24. Nb5 Be4 25. Nxc7 Bc6 26. Nd5 Rd2
27. Ne7+ Kf8 28. Nxc6 bxc6 29. g3 Kg7 30. Re7 1-0

[Event "DEM U12 2016"]
[Site "Willingen GER"]
[Date "2016.05.15"]
[Round "1"]
[White "Simukov, Erik"]
[Black "Pubantz, Jan"]
[Result "1-0"]
[Termination "normal"]
[Board "21"]
[WhiteElo "1518"]
[BlackElo "1551"]
[PlyCount "119"]
[WhiteFideId "12995380"]
[BlackFideId "12996114"]
[EventCountry "GER"]
[EventRounds "11"]
[EventType "swiss"]
[EventDate "2016.05.14"]

1. e4 g6 2. d4 Bg7 3. Nf3 d6 4. Nc3 a6 5. Bf4 b5 6. Bd3 Bb7 7. O-O Nd7 8. Re1
c5 9. Be3 cxd4 10. Nxd4 Ngf6 11. f3 O-O 12. a3 Rc8 13. Qd2 Ne5 14. b3 Qc7 15.
Nce2 Ned7 16. b4 Nb6 17. Bf2 Nc4 18. Qc1 Nd7 19. Ra2 Ndb6 20. Nb3 Na4 21. c3
Ne5 22. Bb1 Nxc3 23. Nxc3 Qxc3 24. Bc2 Nd3 25. Bxd3 Qxd3 26. Qe3 Qxe3 27. Rxe3
Rc4 28. Na5 Rc1+ 29. Re1 Rxe1+ 30. Bxe1 Bd4+ 31. Kf1 Rb8 32. Nxb7 Rxb7 33. Rc2
Kg7 34. Bc3 Bxc3 35. Rxc3 Kf6 36. Ke2 Ke5 37. Ke3 d5 38. Rc5 e6 39. g3 Rd7 40.
f4+ Kd6 41. e5+ Ke7 42. Rc6 Ra7 43. Kd4 Kd7 44. Kc5 Rc7 45. Rxc7+ Kxc7 46. Kd4
Kb6 47. Kd3 a5 48. Kc3 axb4+ 49. axb4 h6 50. h3 g5 51. fxg5 hxg5 52. h4 Kc7 53.
h5 Kd8 54. h6 Ke7 55. h7 f5 56. exf6+ Kf7 57. h8=Q d4+ 58. Kxd4 e5+ 59. Kxe5 g4
60. Qh7+ 1-0